01297nam a2200253 a 450000100100000000500170001000800410002704000250006808200150009310000280010824501100013626000430024630000410028949000380033050000210036850003980038950000390078750400310082660000750085765100270093265100320095970000180099183000340100900003502920200930074046.0111024s1975 xxuac 000 0 eng d aDO-SdBNPbspacBNPHU axxxbD951a1 aDurant, Willd1885-198114aThe age of Napoleon :ba history of European civilization from 1789 to 1815 /cWill Durant, Ariel Durant. aNew York :bSimon and Schuster,c1975. axxi, 872 p. :bil., retrs. ;c24 cm.0 aThe story of civilization ;v11 : aIncluye índice aThe history of civilization está compuesta por los siguientes volumenes: vol. 1. Our oriental heritage; vol. 2. The life of Greece; vol. 3. Caesar and Christ; vol. 4. The age of faith; vol. 5. The Renaissance; vol. 6. The Reformation; vol. 7. The age of reason begins; vol. 8. The age of Louis XIV; vol. 9. The age of Voltaire; vol. 10. Rousseau and revolution; vol. 11. The age of Napoleon. aLa biblioteca posee el volumen 11. aBibliografía: p. 781-78914aNAPOLEÓNbI,cEMPERADOR DE FRANCIAd1769-1821xRELACIONES CON EUROPA 4aEuropaxCivilización 4aEuropaxHistoriay1789-18151 aDurant, Ariel 4aThe story of civilizationn11